000 00825nam a2200241 i 4500
001 186546
003 SpMaBN
005 20250814011836.0
008 161123s1967 ag |||| | spa d
080 _a576(04)
100 1 _aHuxley, Julian.
_964859
245 1 0 _aEnsayos de un biólogo /
_cJulian Huxley ; traducción de Francisco J. Cortada.
250 _a4ª ed., 1ª en la Colección piragua.
260 _aBuenos Aires :
_bSudamericana,
_c1967.
300 _a306 p. ;
_c18 cm.
490 1 _aColección piragua ;
_v126.
_aEnsayos
504 _aReferencias bibliográficas.
650 0 7 _aBiología
_2embne
_910580
700 1 _aCortada, Francisco J.
_940807
830 0 _aColección piragua ;
_v126.
_aEnsayos
_9225425
852 _aES-MaACL
_jL-30891
_z. - Donat. Miguel A. Velasco
999 _c186546
_d186546